Kylian Mbappe titles and achievements - Statistics

General Stats
  • This quiz has been taken 39 times
    37 since last reset
  • The average score is 4 of 15
Answer Stats
Achievements: Answer % Correct
. FIFA World Cup | world cup | World Cup
85%
Ligue 1 | ligue 1
76%
Golden Boot Winner | Golden Boot | golden boot
56%
UEFA Super Cup | Super Cup | super cup
35%
French Cup | french cup
32%
FIFA Intercontinental Cup | Intercontinental Cup | intercontinental cup
24%
UEFA Nations League | Nations League | nations league
21%
All Competitions top scorer | all competitions top scorer | top scorer
18%
Club/Country Footballer of the year | footballer of the year
15%
French Super Cup | french super cup
15%
League player of the year | player of the year
9%
French League Cup | french league cup
6%
European U19 | european u19
3%
French Youth Cup | french youth cup
3%
TM-Player of the season
3%
No matching quizzes found
Score Distribution
Percent of People with Each Score
Percentile by Number Answered
Your Score History
You have not taken this quiz since the last reset